000 00956cab a2200241 4500
001 X3113
008 090401t1995 xxu||||| |||| 00| 0 eng d
035 _a(Sirsi) u28508
041 _aeng
100 _aStevens, D.
245 2 _aA winning approach to construction management
260 _c1995
350 _a0
490 _aCSM (Chartered Surveyor Monthly)
_v5(3) November/December 1995, 32-33(2)
520 _aThis article addresses some of the main issues relating to construction management that are raised by clients, using as an example a production and office facility that Bucknall Austin plc is managing for Nokia Telecommunications. NOTE: the author`s name is incorrectly spelt as Stephens in the article heading.
650 _aBUCKNALL AUSTIN PLC
650 _aCONSTRUCTION MANAGEMENT
_96230
650 _aNOKIA TELECOMMUNICATIONS
650 _aRISK MANAGEMENT
690 _aBUILT ENVIRONMENT
942 _n0
948 _c04/03/1997
999 _c19180
_d19180